| 000 | 00918cam a2200205 4500 | ||
|---|---|---|---|
| 008 | 000000n1999 000 0 eng u | ||
| 020 | _a1873394403 | ||
| 035 | _a(Sirsi) u101165 | ||
| 041 | _aeng | ||
| 050 | _a690.231 | ||
| 100 | _aRobson, Patrick | ||
| 245 | _aStructural repair of traditional buildings. | ||
| 260 |
_aShaftesbury _bDonhead Publishing _c1999 |
||
| 300 | _aviii,312p. ; 25cm. | ||
| 350 | _a37.00 | ||
| 520 | _aThe structural repair of traditional buildings depends on the technical skills of construction professionals to appreciate the extent of the problem and decide wheteher intervention may be required. This book highlights the differences in approach between new design and repair, and it emphasizes the need to diagnose the cause of damage accurately, by considering all options before specifying a remedy. | ||
| 650 | _aCONSERVATION | ||
| 690 | _aBUILT ENVIRONMENT | ||
| 942 | _n0 | ||
| 999 |
_c100027 _d100027 |
||